Southville International School and Colleges
Your cart is empty.
  • Cart
  • Lists
    Public lists Eva Luna New books Lux_list list_1
    Your lists Log in to create your own lists
  • Log in to your account
  • Your cookies
  • Search history
Southville International School and Colleges
  • Advanced search
  • Recent comments
  • Most popular
  • Libraries

Log in to your account

Log in with GOOGLE


If you do not have an external account, but do have a local account, you can still log in:

  1. Home
  2. MARC view: Black beauty /
Normal view MARC view ISBD view

Black beauty / (Record no. 111088)

[ view plain ]
MARC details
000 -LEADER
fixed length control field 00496nam a2200169 a 4500
001 - CONTROL NUMBER
control field 2201
005 - DATE AND TIME OF LATEST TRANSACTION
control field 20140414131909.0
008 - FIXED-LENGTH DATA ELEMENTS--GENERAL INFORMATION
fixed length control field 030210s19uu xx 00 eng d
050 ## - LIBRARY OF CONGRESS CALL NUMBER
Classification number ER
Item number B56 1995
100 ## - MAIN ENTRY--PERSONAL NAME
Personal name Sewell, Anne
245 ## - TITLE STATEMENT
Title Black beauty /
Statement of responsibility, etc Anna Sewell ; text adapted by Sarah Harris ; illustrated by Van Gool Lefevre Loiseaux.
260 ## - PUBLICATION, DISTRIBUTION, ETC. (IMPRINT)
Place of publication, distribution, etc London :
Name of publisher, distributor, etc Twin Books,
Date of publication, distribution, etc 1995.
300 ## - PHYSICAL DESCRIPTION
Extent 60 p. : ill. ; cm.
440 ## - SERIES STATEMENT/ADDED ENTRY--TITLE
Title Van Gool's
650 ## - SUBJECT ADDED ENTRY--TOPICAL TERM
Topical term or geographic name as entry element Horses - Fiction.
Holdings
Withdrawn status Lost status Damaged status Use restrictions Home library Current library Shelving location Date acquired Source of acquisition Total Checkouts Full call number Barcode Date last seen Price effective from Koha item type
        Munich Library Munich Library Easy Reading Section 05/26/2005     ER B56 1995 M1653 04/14/2014 04/14/2014 Books

Black beauty /

APA

Sewell A., . (1995). Black beauty. London: Twin Books.

Chicago

Sewell Anne, . 1995. Black beauty. London: Twin Books.

Harvard

Sewell A., . (1995). Black beauty. London: Twin Books.

MLA

Sewell Anne, . Black beauty. London: Twin Books. 1995.

  • Place hold
  • Print
  • Cite
  • Add to your cart (remove)
  • Save record
    BIBTEX Dublin Core MARCXML MARC (non-Unicode/MARC-8) MARC (Unicode/UTF-8) MARC (Unicode/UTF-8, Standard) MODS (XML) RIS
  • More searches
    Search for this title in:
    Other Libraries (WorldCat) Other Databases (Google Scholar) Online Stores (Bookfinder.com) Open Library (openlibrary.org)

Exporting to Dublin Core...

SOUTHVILLE LIBRARY

Southville International School and Colleges Library

1281 Tropical Ave. Cor. Luxembourg St., BF Homes International, Las Pinas City

Tel. No. 8256374 / 252358 Loc. 117/146

Powered by Koha